Statistics for Country flags starting with letter S

Click here to take the quiz!

General Stats

  • This quiz has been taken 23 times
  • The average score is 24 of 27

Answer Stats

Answer% Correct
Syria
100%
Slovakia
100%
Switzerland
100%
Sweden
100%
Sri Lanka
100%
Spain
100%
South Korea
100%
South Africa
100%
Slovenia
100%
Serbia
100%
San Marino
96%
Somalia
96%
Senegal
96%
Saudi Arabia
96%
Singapore
91%
Seychelles
83%
Swaziland
83%
Suriname
83%
South Sudan
83%
Saint Lucia
83%
Saint Kitts and Nevis
83%
Sierra Leone
78%
Saint Vincent and the Grenadines
78%
Sudan
74%
Sao Tome and Principe
70%
Solomon Islands
65%
Samoa
65%

Score Distribution

Percentile by Number Answered

Percent of People with Each Score

Your Score History

You have not taken this quiz